| 000 | 00886nam a2200217Ia 4500 | ||
|---|---|---|---|
| 001 | 8883 | ||
| 003 | GE_BSU | ||
| 008 | 181216s||||||||xx |||||||||||||| ||und|| | ||
| 040 | _cGE_BSU | ||
| 080 | _a821.353.1-32+94(479.22)+910.4+27-36(479.22) | ||
| 100 | _aიოანე,ბატონიშვილი | ||
| 245 | _aხუმარსწავლა:კალმასობა: 4 წიგნად | ||
| 245 | _cსარედ. კოლ. ა.ბარამიძე, ე.მეტრველი. ს.ცაიშვილი. ტექსტი გამოს. მოამზადეს ც. კახაბრიშვილმა | ||
| 260 | _aთბილისი | ||
| 260 | _bმერანი | ||
| 260 | _c1991 | ||
| 300 | _a574გვ.20სმ. | ||
| 541 | _h12ლ. | ||
| 653 | _aხუმარსწავლა:კალმასობა | ||
| 942 | _cBK | ||
| 999 |
_c42190 _d42190 |
||